Didaktika ekonomických předmětu

Salvato in:
Dettagli Bibliografici
Autore principale: Koudela, Jiří
Natura: Libro
Lingua:ceco
Pubblicazione: Praha Státní pedagogické nakladatelství 1984
Tags: Aggiungi Tag
Nessun Tag, puoi essere il primo ad aggiungerne!!

MARC

LEADER 00000nam a2200000 4500
001 c113641
005 20041019155156.2
041 0 |a cze 
044 |a CZ 
245 1 0 |a Didaktika ekonomických předmětu  |c Jiří Koudela a kol. 
264 1 |a Praha  |b Státní pedagogické nakladatelství  |c 1984 
300 |a 219 s. 
100 1 |a Koudela, Jiří